| 000 | 00511nam a22001697a 4500 | ||
|---|---|---|---|
| 999 |
_c15041 _d15041 |
||
| 003 | AR-CdUCM | ||
| 008 | 190425b ||||| |||| 00| 0 spa d | ||
| 040 |
_aMUNICIPALIDAD PROVINCIAL DEL CUSCO _cBIBLIOTECA MUNICIPAL DEL CUSCO |
||
| 082 |
_aPI / 376.12 / _bP82 |
||
| 100 |
_aPowell, Ricahard _934051 |
||
| 245 | _aPinguino blanco y negro / | ||
| 260 |
_aBarcelona : _bEdebe, _c2013. |
||
| 300 |
_bIlustraciones, _c14 cm. |
||
| 650 |
_aTexto Infantil _929090 |
||
| 942 |
_2ddc _cLIBROS |
||
| 945 |
_arjall _d2019-04-25 |
||